000 00420 a2200157 4500
041 _aEng
082 _aCD5799
100 _aBaskota, Dinesh Kumar
245 _aLanguage used on radio jockey: a case of Kantipur F.M.
260 _aKathmandu,
_c2011
502 _aDissertation
_bDegree in Education
_cT.U.
_d2011
650 _aMass media
650 _aSociolinguistics
653 _aEnglish language
942 _2ddc
_cVM
999 _c62153
_d62141